Human nutrition science for healthy living

Guardat en:
Dades bibliogràfiques
Autor principal: STEPHENSON, Tammy J Schiff, Wendy J.
Format: Llibre
Idioma:anglès
Publicat: McGraw-Hill Education 2019
Etiquetes: Afegir etiqueta
Sense etiquetes, Sigues el primer a etiquetar aquest registre!

MARC

LEADER 00000nam a22000007a 4500
008 210819b ||||| |||| 00| 0 eng d
020 |a 9781260092172 
100 |a STEPHENSON, Tammy J  |a Schiff, Wendy J. 
245 |a Human nutrition  |b science for healthy living  |c Tammy J.Stephenson, Wendy J.Schiff  |g xxvi, 656p;ill 
250 |b 2nd 
260 |b McGraw-Hill Education  |c 2019  |h New York  |i 696056   |i 695057  |i 696058  |l QP141.St3  |m Human nutrition-Textbooks 
500 |a it includes references and index 
942 |a lcc  |c BK  |e Johnson  |f 19/08/20 
952 |0 0  |1 0  |2 lcc  |4 0  |6 QP0141 S T3  |7 0  |9 3166  |a SL  |b HOL  |c QZ  |d 2021-08-19  |l 0  |o QP141.St3  |p 2021-66864  |r 2021-08-19 00:00:00  |w 2021-08-19  |y BK 
952 |0 0  |1 0  |2 lcc  |4 0  |6 QP0141 S T3  |7 0  |9 3167  |a HOL  |b HOL  |c QZ  |d 2021-08-19  |l 0  |o QP141.St3  |p 2021-66865  |r 2021-08-19 00:00:00  |w 2021-08-19  |y BK 
952 |0 0  |1 0  |2 lcc  |4 0  |6 QP0141 S T3  |7 0  |9 3168  |a HOL  |b HOL  |c QZ  |d 2021-08-19  |l 0  |o QP141.St3  |p 2021-66866  |r 2021-08-19 00:00:00  |w 2021-08-19  |y BK 
999 |c 1601  |d 1601